| 000 | 00424nam a2200157 4500 | ||
|---|---|---|---|
| 001 | 131082 | ||
| 003 | ES-MaACL | ||
| 005 | 20230906193918.0 | ||
| 007 | t| | ||
| 008 | 070214s1964 xxk r ||||1| eng d | ||
| 100 | 1 |
_aRoberts, Kenneth. _997836 |
|
| 245 | 1 | 0 |
_aCaptain Caution / _cKenneth Roberts. |
| 260 |
_aGreenwich [etc.] : _bFaweelt Pub, _c1964. |
||
| 300 |
_a224 p. ; _c18 cm. |
||
| 852 |
_aES-MaACL _jC-36297 _bR.66099 |
||
| 999 |
_c131082 _d131082 |
||